000 00474nam a2200181Ia 4500
008 090123s9999 xx 000 0 und d
082 _b12673
100 _aकुरळे शाम
245 _aफिरकी
250 _a1
260 _bप्रचार प्रकाशन
_c1983
300 _a173
600 _aकुरळे शाम
630 _aफिरकी
700 _aकुरळे शाम
730 _aफिरकी
942 _cBOOK
999 _c50738
_d50738